| 000 | 00890nam a2200337Ia 4500 | ||
|---|---|---|---|
| 001 | 7416 | ||
| 005 | 20240113234014.0 | ||
| 007 | ta | ||
| 008 | 050705s1977 g b000 u 465 u | ||
| 020 | _a0 333 32697 0 | ||
| 040 | _aCotton College,Assam | ||
| 041 | _a465 | ||
| 082 |
_a342.942 _bH 262 B |
||
| 100 | _aHarvey, J. . | ||
| 245 | 0 |
_aThe British Constitution / _cJ. Harvey, L. Bather. _hTextual Documents |
|
| 250 | _a4th ed. / | ||
| 260 |
_aLondon : _bMacmillan Education Ltd. , _c1977. |
||
| 300 |
_axii, 448p. ; _c22cm. |
||
| 504 | _aBib, Index | ||
| 653 | _aPolitical Science | ||
| 653 | _aConstitution-British | ||
| 653 | _aPolitics-British | ||
| 653 | _aBritish Constitution | ||
| 653 | _aPG-Political Science | ||
| 653 | _aG-Economics | ||
| 700 | _aBather, L. . | ||
| 942 |
_2ddc _cBK |
||
| 999 |
_c7403 _d7403 |
||